| 000 | 00780nam a2200217 a 4500 | ||
|---|---|---|---|
| 003 | DLC | ||
| 005 | 20251201104659.0 | ||
| 008 | 251201c1979 us|qr|p|r|||| 00| 0 spa d | ||
| 022 | _a0272-8893 | ||
| 035 | _aUPN01000060424 | ||
| 040 |
_aMX-MxUPN _bspa _cMX-MxUPN _eaacr2 |
||
| 245 | 1 | 0 | _aFocus on learning problems in mathematics |
| 260 |
_aEstados Uniodos : _bCenter for Teaching - Learning of Mathematics, _c1979- |
||
| 310 | _aTrimestral | ||
| 520 | 1 | _aEs una publicación académica enfocada principalmente en las áreas de matemáticas conectadas, matemáticas de reforma, educación primaria y matemáticas. | |
| 650 | 4 |
_aMatemáticas _913035 |
|
| 650 | 2 |
_aInvestigación matemática _914363 |
|
| 902 | _aGloria Jiménez/011225 | ||
| 905 | _aRevista | ||
| 942 | _cREV-I | ||
| 999 |
_c60205 _d60205 |
||